| 000 | 00861mam a2200265 a 4500 | ||
|---|---|---|---|
| 001 | 1733767 | ||
| 003 | ARRUPE | ||
| 005 | 20131127170856.0 | ||
| 008 | 940902s1992 iv 000 1 fre | ||
| 010 | _a 94204616 | ||
| 020 | _a2909238008 | ||
| 035 | _a(OCoLC)ocm32168083 | ||
| 035 | _a(NNC)1733767 | ||
| 040 |
_aDLC _cDLC |
||
| 050 | 0 | 0 |
_aPR9371.9C6 _bE4 1993 |
| 100 | 1 |
_aCoulibaly, Micheline. _94319 |
|
| 245 | 1 | 0 |
_aEmbouteillage : _bnouvelles / _cMicheline Coulibaly. |
| 260 |
_aAbidjan, Côte d'Ivoire : _bEdilis, _c[1992] |
||
| 300 |
_a144 p. ; _c18 cm. |
||
| 490 | 1 | _aCollection "Ardeurs tropicales" | |
| 505 | 0 | _aSauve qui peut! -- Flagrant délit -- Imbroglio -- Embouteillage -- Guet-apens -- Invitée surprise -- Sans issue -- Mon homme. | |
| 830 | 0 |
_aCollection "Ardeurs tropicales." _94320 |
|
| 942 |
_2lcc _cMONOGRAPH |
||
| 999 |
_c118823 _d118823 |
||